000 00828nam a2200241Ia 4500
003 GCL
008 140319s9999 xx 000 0 ara d
040 _aGCL /
_cGCL
082 0 4 _a668.41
_bس ب
100 1 _aسليمان خليفة
245 1 0 _aالبلاستيك تصميم وانتاج /
_cسليمان خليفة
700 1 _aجمال عمران
700 1 _aمعتز جاويش
700 1 _aمحمد زهير الحمصى
250 _aالثانية
260 _aسوريا :
_bدار دمشق للنشر والتوزيع والطباعة ،
_c2001
300 _a550 ص ؛
_c30 سم
650 0 4 _aالبلاستيك
650 0 4 _aالبلاستيك - تشكيل
650 0 4 _aالبلاستيك - صناعة وتجارة
650 0 4 _aالبلاستيك المقاوم للحرارة
942 _2ddc
_cBK
999 _c9898
_d9898